Kluby w Premier League w sezonie 2023/24 - Statystyki

Ogólne statystyki
  • Ten quiz został rozwiązany 423 razy
  • Średni wynik to 13 z 20
Statystyki odpowiedzi
Klub % Poprawnych
Manchester City
97%
Manchester United
96%
Arsenal Londyn
93%
Chelsea Londyn
93%
Liverpool FC
93%
Tottenham Hotspur
81%
Aston Villa
76%
Luton
63%
Everton
62%
Newcastle United
62%
Brighton
61%
Crystal Palace
56%
Brentford
52%
Burnley
52%
Wolverhampton
50%
West Ham United
49%
Fulham
47%
Nottingham
47%
AFC Bournemouth
44%
Sheffield United
44%
Nie znaleziono quizów pasujących do podanych kryteriów
Rozkład punktacji
Procent ludzi z każdym wynikiem
Percentyl według liczby udzielonych odpowiedzi
Twoja historia wyników
Nie rozwiązałeś tego quizu